Dividendová politika jako jeden z aspektů corporate governance českých akciových společností

Dividendová politika tvorí nedeliteľnú súčasť finančnej politiky každej akciovej spoločnosti, úzko súvisí s plánovanou kapitálovou štruktúrou a ovplyvňuje množstvo cudzích zdrojov potrebných na krytie finančných potrieb firmy. Je teda jedným z prvkov, ktoré charakterizujú corporate governance akciov...

Descripción completa

Guardado en:
Detalles Bibliográficos
Autor principal: Roubíčková, Michaela
Formato: Capítulo de libro
Lenguaje:checo
Materias:
Etiquetas: Agregar Etiqueta
Sin Etiquetas, Sea el primero en etiquetar este registro!

MARC

LEADER 00000naa$a2200000$$$4500
001 0023248
005 20221128113044.8
041 0 |a cze 
044 |a SK 
245 1 0 |a Dividendová politika jako jeden z aspektů corporate governance českých akciových společností  |c Michaela Roubíčková 
520 |a Dividendová politika tvorí nedeliteľnú súčasť finančnej politiky každej akciovej spoločnosti, úzko súvisí s plánovanou kapitálovou štruktúrou a ovplyvňuje množstvo cudzích zdrojov potrebných na krytie finančných potrieb firmy. Je teda jedným z prvkov, ktoré charakterizujú corporate governance akciovej spoločnosti. 
610 2 0 |a politika dividendová 
610 2 0 |a správa podniku 
610 2 0 |a dividendy 
610 2 0 |a spoločnosti akciové 
610 2 0 |a akcionári 
610 2 0 |a investície 
610 2 0 |a Česko 
100 1 |a Roubíčková, Michaela